| 000 | 00333 a2200133 4500 | ||
|---|---|---|---|
| 005 | 20250629165435.0 | ||
| 020 | _a978-1-57660-350-5 | ||
| 082 | _a658.827 CLI | ||
| 100 | _aCLIFTON, R. | ||
| 245 | _aBrands and Branding, | ||
| 260 |
_aNew York, _bBloomberg Press, _c2009. |
||
| 300 |
_axvii, 284,: ill.; _bIndex _c23cm |
||
| 942 |
_2ddc _cBKS |
||
| 999 |
_c6226 _d6226 |
||